Quiz La Casa De Papel - Statistiques

Statistiques générales
  • Ce quiz a été pris 4 758 fois
  • Le résultat moyen est 10 sur 28
Statistiques - réponses
Hint Réponse % Correct
A une maladie dégénérative Berlin
90%
Est le premier braqueur à mourir Oslo
87%
A perdu son compagnon lors d'un braquage Tokyo
85%
Fait des origamis Le Professeur
71%
A un fils prénommé Axel Nairobi
71%
A caché un otage Denver
69%
Meurt à la suite d'une balle tirée par un sniper Moscou
58%
A failli devenir aveugle Palerme
55%
S'est fait mettre un implant dans les dents par la police Rio
47%
Met un micro dans les lunettes d'un policier Helsinki
40%
A 7 enfants Bogota
37%
A été forcée par la police à simuler sa propre mort Lisbonne
37%
Fille d'un diplomate Alison
32%
Se fait passer pour une otage Manille
29%
Ancien soldat et proche des animaux Marseille
24%
Est amoureux de sa collègue Angel
20%
A écrit un livre Arturo
19%
Commandant du groupe d'intervention Suarez
19%
S'est cassé le pouce Gandia
16%
Est le dernier à avoir choisi son nom de braqueur Pampelune
16%
A vécu aux Philippines avec sa grand-mère Paula
15%
Est chef des opérations pendant le braquage de la Banque d'Espagne Tamayo
14%
Est pianiste Tatiana
14%
Est née dans un hangar Victoria
14%
A perdu son mari à cause d'un cancer Sierra
13%
Convainc un otage de ne pas tuer un braqueur Stockholm
13%
Père d'une braqueuse Benjamin
12%
Vole dans un musée au Danemark Rafael
7%
Aucun quiz correspondant
Distribution des résultats
% des personnes avec chaque résultat
Percentile par nombre de réponses
Votre historique - résultats
Vous n’avez pas pris ce quiz